Score 0/20 Timer 04:00
0 Plays Today
Hint Answer % Correct
Harry Potter and the Sorcerer's Stone
98.6%
Spider-Man
98.6%
Peter Pan
98.4%
Aladdin
97.8%
Toy Story
97.8%
Titanic
97.4%
E.T. the Extra-Terrestrial
96.7%
Back to the Future
96.6%
The Wizard of Oz
95.8%
Avatar
94.7%
Hint Answer % Correct
Star Wars
93.7%
Terminator 2: Judgment Day
90.6%
Speed
79.6%
Cool Runnings
76.9%
Lawrence of Arabia
66.5%
Bill and Ted's Excellent Adventure
65.3%
The NeverEnding Story
64.3%
Ben-Hur
61.4%
Apocalypse Now
45%
Dr. Strangelove
38%
Remove Ads.
Support Sporcle.
Get the best of Sporcle when you Go Orange. This ad-free experience offers more features, more stats, and more fun while also helping to support Sporcle. Thank you for becoming a member.

You're not logged in!

Compare scores with friends on all Sporcle quizzes.
OR
Log In

Show Comments

Extras

Top Quizzes Today


Score Distribution

Your Account Isn't Verified!

In order to create a playlist on Sporcle, you need to verify the email address you used during registration. Go to your Sporcle Settings to finish the process.

Report this User

Report this user for behavior that violates our Community Guidelines.

Details: